Manual of Contemporary Experiments in Psychology (Record no. 218)
[ view plain ]
| 000 -LEADER | |
|---|---|
| fixed length control field | 01206cam a22001814a 4500 |
| 005 - ΗΜΕΡΟΜΗΝΙΑ ΚΑΙ ΩΡΑ ΤΕΛΕΥΤΑΙΑΣ ΕΝΗΜΕΡΩΣΗΣ | |
| Πεδίο ελέγχου | 20250605163928.0 |
| 008 - FIXED-LENGTH DATA ELEMENTS--GENERAL INFORMATION | |
| Πεδίο ελέγχου σταθερού μήκους | 250528s ||||||||||||||||||||||||d |
| 035 ## - SYSTEM CONTROL NUMBER | |
| System control number | 14594 |
| 040 ## - ΠΗΓΗ ΚΑΤΑΛΟΓΟΓΡΑΦΗΣΗΣ | |
| Φορέας πρωτότυπης καταλογογράφησης | MC Athens Campus Library |
| Γλώσσα καταλογογράφησης | Ελληνικά, Μοντέρνα (1453-) |
| Modifying agency | MC Athens Campus Library |
| Κανόνες περιγραφικής καταλογογράφησης | AACR2 |
| 245 1# - ΤΙΤΛΟΣ ΚΑΙ ΔΗΛΩΣΗ ΥΠΕΥΘΥΝΟΤΗΤΑΣ | |
| Τίτλος | Manual of Contemporary Experiments in Psychology |
| 260 ## - PUBLICATION, DISTRIBUTION, ETC. | |
| Name of publisher, distributor, etc. | Prentice Hall, |
| Date of publication, distribution, etc. | 1968 |
| 300 ## - PHYSICAL DESCRIPTION | |
| Extent | 246 |
| 520 ## - SUMMARY, ETC. | |
| Summary, etc. | Introduction, Laboratory Experiment, Measuring Behavior Quantitatively: The Immediate Memory Span, Measuring the Degree of Relationship of Behaviors, Differences Between Measures, Short-Term Memory for Individual Items, Short-Term Memory and Storage Load, Memory Span and Approximation to English, Learning and Meaningfulness, Fate of Learned Responses, Implicit Chaining in Verbal Learning, Concept Learning as a Function of Dominance, Task Complexity in Concept Identification, Choices Strategies in Concept Attainment, Thinking and Problem Solving, Motivation: The Achievement Motive, Perceptual Judgements of Single Stimuli, The Effect of Labeling on Aesthetic Judgements, Rigidity as Learned Behavior, Stereotypes in Person-Perception, Conflict, Appendix. |
| 700 1# - ΠΡΟΣΘΕΤΗ ΑΝΑΓΡΑΦΗ--ΦΥΣΙΚΟ ΠΡΟΣΩΠΟ | |
| Personal name | Debold Richard C |
| 9 (RLIN) | 316 |
| 942 ## - ADDED ENTRY ELEMENTS (KOHA) | |
| Koha item type | Books |
| Τύπος τεκμηρίου | Βιβλιοθήκη | Τρέχουσα τοποθεσία | Barcode | Αριθμός εισαγωγής | Ημερομηνία απόκτησης | Ταξιθετικό σύμβολο | Αριθμός αντιτύπου | Κατάσταση απόσυρσης | Κατάσταση χαμένου | Κατάσταση κατεστραμμένου | Μη δανεισμός | Σύνολο δανεισμών | Ημερομηνία τελευταίας εμφάνισης | Η τιμή ισχύει από |
|---|---|---|---|---|---|---|---|---|---|---|---|---|---|---|
| Books | MC Athens Campus Library | MC Athens Campus Library | 9780000002174 | 255 | 05/06/2025 | 150/.28 DEB | 1 | 05/06/2025 | 05/06/2025 |